000 00799nam a2200253 a 4500
001 53589
003 BD-RjUL
005 20211209080004.0
008 191002s1982 bg 000 0 eng d
020 _c:
035 _a(BD-RjUL)53711
040 _aANL
_beng
_cANL
_dABN:1
_dBD-RjUL
041 _aeng
082 1 4 _a910.4
_223
_bSHT 1982
100 1 _aShaidai, Shamsul Haque
_9233430
245 1 0 _aThrough the car window :
_ba journey by car from London to Calcutta /
_cShamsul Haque Shaidai.
260 _aDacca :
_bthe Author,
_c1982
300 _axvi, 418 p. ;
_c23 cm.
650 0 _aVoyages and travels.
_9233431
651 0 _aEurope
_xDescription and travel.
_9233432
651 0 _aTurkey
_xDescription and travel.
_9233433
651 0 _aIran
_xDescription and travel.
_9233434
942 _2ddc
_cBK
999 _c53589
_d53589